[Event "Mittelfrank Regionalliga Sud-West 2122"]
[Site "Mittelfranken"]
[Date "2022.05.15"]
[Round "5.8"]
[White "Bumes, Konrad"]
[Black "Alferova, Emily"]
[Result "1-0"]
[WhiteElo "1893"]
[BlackElo "1686"]
[PlyCount "121"]
[EventDate "2021.10.24"]
[EventType "team-tourn"]
[EventRounds "9"]
[EventCountry "GER"]
[SourceTitle "EXT 2024"]
[Source "ChessBase"]
[SourceDate "2023.10.10"]
[SourceVersion "1"]
[SourceVersionDate "2023.10.10"]
[SourceQuality "1"]
[WhiteTeam "Haar"]
[BlackTeam "Garching III"]
[WhiteTeamCountry "GER"]
[BlackTeamCountry "GER"]

1. d4 d5 2. Nf3 Nf6 3. c4 c6 4. e3 e6 5. Nc3 Nbd7 6. Bd3 Bd6 7. 0-0 0-0 8. Qc2 dxc4 9. Bxc4 e5 10. h3 h6 11. Rd1 Qe7 12. e4 exd4 13. Nxd4 Nc5 14. Nf5 Bxf5 15. exf5 Rad8 16. Be3 Qe5 17. g3 Qe7 18. b4 Ncd7 19. Re1 Ne5 20. Be2 Bxb4 21. Reb1 Bxc3 22. Qxc3 Nd5 23. Qc5 Qxc5 24. Bxc5 Rfe8 25. Bxa7 Nc3 26. Rb2 Nxe2+ 27. Rxe2 Nf3+ 28. Kf1 Nh2+ 29. Ke1 Nf3+ 30. Kf1 Rxe2 31. Kxe2 Nd4+ 32. Bxd4 Rxd4 33. Rb1 Rd7 34. g4 Kf8 35. Rb3 Ke8 36. f4 Kd8 37. Ke3 Kc7 38. g5 Re7+ 39. Kf3 c5 40. f6 gxf6 41. gxh6 Re8 42. Kg4 Rh8 43. Kh5 Kc6 44. Rg3 c4 45. Rg7 Kd5 46. Rxf7 c3 47. Rc7 Kd4 48. Kg6 Kd3 49. Kg7 Rd8 50. h7 c2 51. h8Q Rxh8 52. Kxh8 Kd2 53. Kg7 b5 54. h4 b4 55. h5 c1Q 56. Rxc1 Kxc1 57. h6 Kb2 58. h7 Kxa2 59. h8Q b3 60. Qg8 f5 61. Qxb3+ 1-0

[Event "Bad Wiessee Senioren Cup 8th"]
[Site "Bad Wiessee"]
[Date "2019.05.19"]
[Round "9"]
[White "Gardi, Giuseppe"]
[Black "Bumes, Konrad"]
[Result "0-1"]
[WhiteElo "1813"]
[BlackElo "1936"]
[PlyCount "78"]
[EventDate "2019.05.11"]
[EventType "swiss"]
[EventRounds "9"]
[EventCountry "GER"]
[SourceTitle "EXT 2020"]
[Source "ChessBase"]
[SourceDate "2019.10.17"]
[SourceVersion "1"]
[SourceVersionDate "2019.10.17"]
[SourceQuality "1"]

1. d4 d5 2. Nf3 Nf6 3. e3 Bf5 4. Bd3 e6 5. Bxf5 exf5 6. Qd3 Qc8 7. 0-0 Bd6 8. b3 0-0 9. c4 c6 10. Ba3 Bxa3 11. Nxa3 g6 12. Rac1 Na6 13. Nb1 Nc7 14. Nc3 Ne4 15. cxd5 Nxc3 16. Qxc3 Nxd5 17. Qc4 Kg7 18. b4 Qe6 19. Rfe1 Rfc8 20. Nd2 Qd6 21. a3 Rd8 22. Nb3 Rac8 23. Nc5 Rc7 24. Qb3 Nf6 25. Qb2 Qd5 26. Qb3 Qxb3 27. Nxb3 Nd5 28. Rc5 Re7 29. b5 cxb5 30. Rxb5 f4 31. Nc5 b6 32. Nd3 fxe3 33. fxe3 Rxe3 34. Rxe3 Nxe3 35. Re5 Nc4 36. Re7 Rxd4 37. Nb4 a5 38. Nc6 Rd6 39. Ne5 Kf6 0-1

[Event "Bad Wiessee Senioren Cup 8th"]
[Site "Bad Wiessee"]
[Date "2019.05.16"]
[Round "6"]
[White "Bumes, Konrad"]
[Black "Bade, Heidrun"]
[Result "1-0"]
[WhiteElo "1936"]
[BlackElo "1808"]
[PlyCount "47"]
[EventDate "2019.05.11"]
[EventType "swiss"]
[EventRounds "9"]
[EventCountry "GER"]
[SourceTitle "EXT 2020"]
[Source "ChessBase"]
[SourceDate "2019.10.17"]
[SourceVersion "1"]
[SourceVersionDate "2019.10.17"]
[SourceQuality "1"]

1. d4 d5 2. c4 e6 3. Nc3 Nf6 4. Nf3 Be7 5. e3 0-0 6. Bd3 Nbd7 7. cxd5 exd5 8. 0-0 Re8 9. Qc2 c6 10. Bd2 Bd6 11. Rae1 Nf8 12. e4 dxe4 13. Nxe4 Nxe4 14. Bxe4 Be6 15. Ng5 g6 16. h4 Qd7 17. h5 f6 18. Nxe6 Rxe6 19. hxg6 Qg7 20. gxh7+ Kh8 21. Bf5 Re7 22. Rxe7 Bxe7 23. Re1 Bd6 24. Re4 1-0

[Event "GER-chT Betriebe 18th"]
[Site "Altenberg Zinnwald"]
[Date "2018.11.09"]
[Round "3.1"]
[White "Bumes, Konrad"]
[Black "Koerlin, Hans Juergen"]
[Result "1-0"]
[WhiteElo "1949"]
[BlackElo "1878"]
[PlyCount "61"]
[EventDate "2018.11.08"]
[EventType "team-swiss"]
[EventRounds "7"]
[EventCountry "GER"]
[SourceTitle "EXT 2020"]
[Source "ChessBase"]
[SourceDate "2019.10.17"]
[SourceVersion "1"]
[SourceVersionDate "2019.10.17"]
[SourceQuality "1"]
[WhiteTeam "Muenchen EPA II"]
[BlackTeam "Berlin Tempelhof II"]
[WhiteTeamCountry "GER"]
[BlackTeamCountry "GER"]

1. d4 Nf6 2. Nf3 c5 3. c3 g6 4. Bf4 Bg7 5. Nbd2 cxd4 6. cxd4 Nc6 7. e3 0-0 8. Be2 d6 9. 0-0 Nh5 10. Bg5 Qe8 11. Re1 Bd7 12. Rc1 Rc8 13. Nb1 Nf6 14. Nc3 Qd8 15. e4 Qa5 16. d5 Ne5 17. Nxe5 dxe5 18. Qd2 Rfd8 19. Qe3 Qc5 20. Qxc5 Rxc5 21. Be3 Ra5 22. b4 Ra3 23. Bc4 Rc8 24. Bb3 a5 25. Nb1 a4 26. Rxc8+ Bxc8 27. Nxa3 axb3 28. axb3 Nxe4 29. Nc4 Nd6 30. Nxd6 exd6 31. Ra1 1-0

[Event "GER-chT Betriebe 18th"]
[Site "Altenberg Zinnwald"]
[Date "2018.11.09"]
[Round "4.1"]
[White "Guder, Sibylle"]
[Black "Bumes, Konrad"]
[Result "1-0"]
[WhiteElo "1785"]
[BlackElo "1949"]
[PlyCount "59"]
[EventDate "2018.11.08"]
[EventType "team-swiss"]
[EventRounds "7"]
[EventCountry "GER"]
[SourceTitle "EXT 2020"]
[Source "ChessBase"]
[SourceDate "2019.10.17"]
[SourceVersion "1"]
[SourceVersionDate "2019.10.17"]
[SourceQuality "1"]
[WhiteTeam "Berlin Tempelhof"]
[BlackTeam "Muenchen EPA II"]
[WhiteTeamCountry "GER"]
[BlackTeamCountry "GER"]

1. Nf3 d5 2. e3 c5 3. b3 Nf6 4. Bb2 Nc6 5. Be2 e6 6. 0-0 Bd6 7. d4 0-0 8. Bd3 Re8 9. Ne5 cxd4 10. exd4 Qe7 11. a3 a6 12. Nd2 Nd7 13. f4 Nf8 14. Ndf3 f6 15. Nxc6 bxc6 16. Qd2 Qc7 17. Bc1 c5 18. c3 c4 19. bxc4 dxc4 20. Bc2 Bb7 21. a4 Rad8 22. g3 e5 23. fxe5 fxe5 24. Qf2 Qc6 25. Rb1 exd4 26. cxd4 Ne6 27. Rxb7 Qxb7 28. Qg2 Qd5 29. Bxh7+ Kh8 30. Qh3 1-0

[Event "GER-chT Betriebe 18th"]
[Site "Altenberg Zinnwald"]
[Date "2018.11.08"]
[Round "1.1"]
[White "Bumes, Konrad"]
[Black "Schulz, Michael"]
[Result "1-0"]
[WhiteElo "1949"]
[BlackElo "2247"]
[PlyCount "35"]
[EventDate "2018.11.08"]
[EventType "team-swiss"]
[EventRounds "7"]
[EventCountry "GER"]
[SourceTitle "EXT 2020"]
[Source "ChessBase"]
[SourceDate "2019.10.17"]
[SourceVersion "1"]
[SourceVersionDate "2019.10.17"]
[SourceQuality "1"]
[WhiteTeam "Muenchen EPA II"]
[BlackTeam "Berlin Osram"]
[WhiteTeamCountry "GER"]
[BlackTeamCountry "GER"]

1. d4 Nf6 2. Nf3 c5 3. c3 d5 4. Bf4 Nc6 5. e3 Qb6 6. Qc2 Bf5 7. dxc5 Bxc2 8. cxb6 axb6 9. Na3 Bg6 10. Nb5 Kd7 11. Ne5+ Nxe5 12. Bxe5 Ne8 13. c4 f6 14. Bc3 Bf7 15. cxd5 Bxd5 16. Rd1 Ke6 17. a3 Nd6 18. Nc7+ 1-0

[Event "Regionalliga Sued-West 1819"]
[Site "Bayern"]
[Date "2018.10.21"]
[Round "1.8"]
[White "Bumes, Konrad"]
[Black "Heinrich, Helmut"]
[Result "1-0"]
[WhiteElo "1949"]
[BlackElo "1856"]
[PlyCount "47"]
[EventDate "2018.10.21"]
[EventType "team-tourn"]
[EventRounds "9"]
[EventCountry "GER"]
[SourceTitle "EXT 2022"]
[Source "ChessBase"]
[SourceDate "2021.10.06"]
[SourceVersion "1"]
[SourceVersionDate "2021.10.06"]
[SourceQuality "1"]
[WhiteTeam "Haar"]
[BlackTeam "Klosterlechfeld"]
[WhiteTeamCountry "GER"]
[BlackTeamCountry "GER"]

1. d4 Nf6 2. Nf3 e6 3. Bf4 b6 4. e3 Bb7 5. Be2 Be7 6. 0-0 0-0 7. c4 d6 8. Nc3 Ne4 9. Qc2 f5 10. h3 Nd7 11. Nd2 Nxd2 12. Qxd2 Rc8 13. b4 Qe8 14. f3 e5 15. Bh2 f4 16. d5 fxe3 17. Qxe3 Nf6 18. g4 c6 19. Rfd1 cxd5 20. cxd5 Qg6 21. Rac1 Qf7 22. Bd3 Bxd5 23. g5 Bxf3 24. Qxf3 1-0

[Event "GER-chT Betriebe 16th"]
[Site "Dresden"]
[Date "2016.11.05"]
[Round "5.2"]
[White "Bumes, Konrad"]
[Black "Schmidt, Gerhard"]
[Result "1/2-1/2"]
[WhiteElo "2050"]
[BlackElo "2116"]
[PlyCount "38"]
[EventDate "2016.11.03"]
[EventType "team-swiss"]
[EventRounds "7"]
[EventCountry "GER"]
[SourceTitle "EXT 2020"]
[Source "ChessBase"]
[SourceDate "2019.10.17"]
[SourceVersion "1"]
[SourceVersionDate "2019.10.17"]
[SourceQuality "1"]
[WhiteTeam "Muenchen Europ Patentamt II"]
[BlackTeam "Altenberg Europark"]
[WhiteTeamCountry "GER"]
[BlackTeamCountry "GER"]

1. d4 Nf6 2. c4 g6 3. Nc3 Bg7 4. e4 d6 5. Bd3 0-0 6. f3 e5 7. d5 c6 8. Be3 b5 9. cxb5 cxd5 10. exd5 e4 11. fxe4 Ng4 12. Qd2 f5 13. 0-0-0 f4 14. Bxf4 Rxf4 15. h3 Rf2 16. Qe1 Bxc3 17. bxc3 Qa5 18. Ne2 Rxe2 19. Bxe2 Ne5 1/2-1/2

[Event "GER-chT Betriebe 16th"]
[Site "Dresden"]
[Date "2016.11.04"]
[Round "3.2"]
[White "Bumes, Konrad"]
[Black "Haas, Peter"]
[Result "0-1"]
[WhiteElo "2050"]
[BlackElo "2098"]
[PlyCount "120"]
[EventDate "2016.11.03"]
[EventType "team-swiss"]
[EventRounds "7"]
[EventCountry "GER"]
[SourceTitle "EXT 2020"]
[Source "ChessBase"]
[SourceDate "2019.10.17"]
[SourceVersion "1"]
[SourceVersionDate "2019.10.17"]
[SourceQuality "1"]
[WhiteTeam "Muenchen Europ Patentamt II"]
[BlackTeam "Muenchen ADAC"]
[WhiteTeamCountry "GER"]
[BlackTeamCountry "GER"]

1. d4 e6 2. c4 Nf6 3. Nf3 b6 4. a3 Bb7 5. Nc3 d5 6. cxd5 Nxd5 7. Qc2 Nxc3 8. bxc3 Be7 9. e4 0-0 10. Be2 c5 11. Bb2 Qc7 12. c4 cxd4 13. Nxd4 Nd7 14. 0-0 Qf4 15. f3 Bc5 16. Kh1 Bd6 17. g3 Qh6 18. Kg2 Rfd8 19. Rfd1 Rac8 20. Nb5 Bb8 21. Nd6 Bxd6 22. Rxd6 Nc5 23. Rad1 Rxd6 24. Rxd6 Qe3 25. Bc1 Qb3 26. Qd2 h6 27. Rd4 e5 28. Bd1 Qb1 29. Bc2 Qa2 30. Rd8+ Rxd8 31. Qxd8+ Kh7 32. Qd1 Nb3 33. Kh3 Bc8+ 34. g4 Nd4 35. Bd3 Qf2 36. Qf1 Qxf1+ 37. Bxf1 Nxf3 38. Kg3 Nd4 39. Bb2 Nc6 40. Be2 Be6 41. Kf3 f6 42. Bc3 Kg6 43. Kg3 Kf7 44. Kf3 Ke7 45. Ke3 Kd6 46. Kd2 Kc5 47. Bb2 Bxc4 48. Bd1 b5 49. Kc3 Nd4 50. Kd2 a5 51. Kc3 Bf1 52. Kd2 Kc4 53. Bc1 Bd3 54. Ke3 Bc2 55. Be2+ Nxe2 56. Kxe2 Bxe4 57. Bd2 b4 58. axb4 axb4 59. Ke3 b3 60. Bc1 Kc3 0-1

[Event "Regionalliga SW 1516"]
[Site "Bayern"]
[Date "2015.11.15"]
[Round "3.8"]
[White "Derekas, Ioannis"]
[Black "Bumes, Konrad"]
[Result "0-1"]
[WhiteElo "1588"]
[BlackElo "1859"]
[PlyCount "58"]
[EventDate "2015.10.11"]
[EventType "team-tourn"]
[EventRounds "9"]
[EventCountry "GER"]
[SourceTitle "EXT 2018"]
[Source "ChessBase"]
[SourceDate "2017.10.13"]
[SourceVersion "1"]
[SourceVersionDate "2017.10.13"]
[SourceQuality "1"]
[WhiteTeam "Memmingen"]
[BlackTeam "Haar"]
[WhiteTeamCountry "GER"]
[BlackTeamCountry "GER"]

1. e4 c6 2. d4 d5 3. e5 Bf5 4. Nf3 e6 5. Bd3 Bxd3 6. Qxd3 Nd7 7. 0-0 Ne7 8. c3 Nf5 9. b3 Be7 10. Bb2 a6 11. Re1 0-0 12. Nbd2 c5 13. Nf1 Rc8 14. Ne3 Nh4 15. Nxh4 Bxh4 16. g3 Be7 17. Red1 cxd4 18. cxd4 Qa5 19. Ng2 Rc6 20. Rdc1 Rfc8 21. Rxc6 Rxc6 22. Nf4 Ba3 23. Bxa3 Qxa3 24. Ne2 Qb2 25. Qd1 Rc2 26. Kf1 Rxe2 27. Qxe2 Qxa1+ 28. Kg2 Qxd4 29. Qc2 Qe4+ 0-1

[Event "GER-chT Betriebe 15th"]
[Site "Munich"]
[Date "2015.10.25"]
[Round "7.2"]
[White "Bumes, Konrad"]
[Black "Eisermann, Daniel"]
[Result "0-1"]
[WhiteElo "2022"]
[BlackElo "1959"]
[PlyCount "106"]
[EventDate "2015.10.22"]
[EventType "team-swiss"]
[EventRounds "7"]
[EventCountry "GER"]
[SourceTitle "EXT 2020"]
[Source "ChessBase"]
[SourceDate "2019.10.17"]
[SourceVersion "1"]
[SourceVersionDate "2019.10.17"]
[SourceQuality "1"]
[WhiteTeam "Muenchen EPA III"]
[BlackTeam "Berlin Osram"]
[WhiteTeamCountry "GER"]
[BlackTeamCountry "GER"]

1. d4 d5 2. c4 c6 3. Nc3 e5 4. dxe5 d4 5. Ne4 Qa5+ 6. Bd2 Qxe5 7. Ng3 Nf6 8. Nf3 Qd6 9. Qc2 c5 10. Rd1 Nc6 11. e3 Bg4 12. Ne4 Qe7 13. Nxf6+ gxf6 14. Bd3 Ne5 15. Be4 Nxc4 16. Bxb7 Qxb7 17. Qa4+ Qd7 18. Qxc4 Be7 19. exd4 cxd4 20. Qxd4 Qxd4 21. Nxd4 Bxd1 22. Kxd1 0-0 23. Bc3 Rfd8 24. Ke2 Re8 25. Kf3 Bd6 26. Nf5 Be5 27. Nh6+ Kg7 28. Bd2 Bxb2 29. Rb1 Rab8 30. Bf4 Be5 31. Rxb8 Rxb8 32. Nf5+ Kf8 33. Be3 a5 34. Bc5+ Ke8 35. Ne3 Rb5 36. Ba3 Bb2 37. Bd6 Be5 38. Ba3 Kd7 39. Nc4 Ke6 40. Ke4 Rd5 41. Ke3 Rd4 42. Nxe5 fxe5 43. Bb2 Rd1 44. Bc3 a4 45. a3 f5 46. Bd2 Kd5 47. Kd3 Rb1 48. Kc2 Rb3 49. Bc1 h5 50. h3 e4 51. h4 Kc4 52. Kd2 Rb1 53. g3 Kb3 0-1

[Event "GER-chT Betriebe 15th"]
[Site "Munich"]
[Date "2015.10.23"]
[Round "3.2"]
[White "Bumes, Konrad"]
[Black "Broksch, Dirk"]
[Result "0-1"]
[WhiteElo "2022"]
[BlackElo "1917"]
[PlyCount "61"]
[EventDate "2015.10.22"]
[EventType "team-swiss"]
[EventRounds "7"]
[EventCountry "GER"]
[SourceTitle "EXT 2020"]
[Source "ChessBase"]
[SourceDate "2019.10.17"]
[SourceVersion "1"]
[SourceVersionDate "2019.10.17"]
[SourceQuality "1"]
[WhiteTeam "Muenchen EPA III"]
[BlackTeam "Essen RWE"]
[WhiteTeamCountry "GER"]
[BlackTeamCountry "GER"]

1. d4 e6 2. c4 Nf6 3. Nc3 d5 4. Nf3 c5 5. e3 Nc6 6. Be2 a6 7. a4 dxc4 8. Bxc4 cxd4 9. exd4 Be7 10. 0-0 0-0 11. Be3 Nb4 12. Ne5 b6 13. Qe2 Bb7 14. Rfd1 Nfd5 15. Rac1 Qe8 16. Bb3 Bd6 17. Ne4 Bc7 18. f3 Rc8 19. Bf2 h6 20. Qd2 Qe7 21. Nd3 Bb8 22. Be1 Nxd3 23. Qxd3 Rxc1 24. Rxc1 Rd8 25. Bxd5 Rxd5 26. Nc3 Rh5 27. Bg3 Bxg3 28. hxg3 Qg5 29. Ne2 Qd8 30. Qc3 Rd5 31. Qc7 0-1

[Event "Regionalliga SW 1415"]
[Site "Bayern"]
[Date "2015.02.22"]
[Round "7.8"]
[White "Schaub, Manfred"]
[Black "Bumes, Konrad"]
[Result "1-0"]
[WhiteElo "1827"]
[BlackElo "1859"]
[PlyCount "105"]
[EventDate "2014.10.19"]
[EventType "team-tourn"]
[EventRounds "9"]
[EventCountry "GER"]
[SourceTitle "EXT 2018"]
[Source "ChessBase"]
[SourceDate "2017.10.13"]
[SourceVersion "1"]
[SourceVersionDate "2017.10.13"]
[SourceQuality "1"]
[WhiteTeam "Mering"]
[BlackTeam "Haar"]
[WhiteTeamCountry "GER"]
[BlackTeamCountry "GER"]

1. d4 d5 2. c4 c6 3. Nc3 Nf6 4. Bg5 e6 5. c5 Be7 6. e3 Nbd7 7. Bd3 e5 8. b4 exd4 9. exd4 Ne4 10. Bxe7 Qxe7 11. Bxe4 Nf6 12. Nge2 Nxe4 13. 0-0 0-0 14. Nxe4 Qxe4 15. Ng3 Qh4 16. Re1 Bd7 17. Qd3 Rae8 18. a4 a6 19. Re2 Rxe2 20. Nxe2 Re8 21. Nc3 g6 22. Qd2 Qe7 23. b5 axb5 24. axb5 Qe6 25. b6 h5 26. h3 Kg7 27. Kf1 Qf6 28. Ra7 Bc8 29. Ra8 Qe7 30. Ra1 Bf5 31. f3 g5 32. Re1 Qxe1+ 33. Qxe1 Rxe1+ 34. Kxe1 Be6 35. Na2 h4 36. Nb4 Bd7 37. Ke2 Kg6 38. Ke3 Kf5 39. Nd3 f6 40. f4 g4 41. Nf2 gxh3 42. gxh3 Kg6 43. Kf3 Bf5 44. Ng4 Be4+ 45. Kf2 Kf5 46. Ke3 Bh1 47. Nh2 Bg2 48. Nf3 Bxh3 49. Nxh4+ Kg4 50. Ng6 Kg3 51. Ne7 Bd7 52. Ng8 f5 53. Nf6 1-0

[Event "Regionalliga SW 1112"]
[Site "Bayern"]
[Date "2012.03.18"]
[Round "8.8"]
[White "Schmidt, Hans"]
[Black "Bumes, Konrad"]
[Result "1-0"]
[WhiteElo "2035"]
[BlackElo "1890"]
[PlyCount "96"]
[EventDate "2011.10.02"]
[EventType "team-tourn"]
[EventRounds "9"]
[EventCountry "GER"]
[SourceTitle "EXT 2015"]
[Source "ChessBase"]
[SourceDate "2014.11.20"]
[SourceVersion "1"]
[SourceVersionDate "2014.11.20"]
[SourceQuality "1"]
[WhiteTeam "Garching II"]
[BlackTeam "Haar"]
[WhiteTeamCountry "GER"]
[BlackTeamCountry "GER"]

1. d4 d5 2. Nf3 Nf6 3. c4 c6 4. cxd5 cxd5 5. Nc3 Nc6 6. Bf4 e6 7. e3 Bd6 8. Bxd6 Qxd6 9. Bd3 0-0 10. 0-0 e5 11. Nb5 Qe7 12. dxe5 Nxe5 13. Nxe5 Qxe5 14. Nd4 Bd7 15. Qb3 Ng4 16. Nf3 Qd6 17. Rfd1 Be6 18. Qa4 a6 19. Rac1 Rac8 20. Qd4 Qe7 21. h3 Nf6 22. a3 Rc7 23. Nd2 Rfc8 24. Nb3 Rxc1 25. Rxc1 Rxc1+ 26. Nxc1 Nd7 27. Nb3 Qd6 28. Qh4 Nf6 29. Qd4 Nd7 30. f4 f5 31. Qc3 Nf6 32. Nc5 Qe7 33. Qb4 Bc8 34. Qd4 Kh8 35. b4 Qd6 36. Bc2 b6 37. Nd3 Ne4 38. Bb3 Bb7 39. Ne5 Qe6 40. Qd1 Ng3 41. Qc2 g5 42. Qc7 gxf4 43. exf4 Ne2+ 44. Kh2 Nxf4 45. Nf7+ Kg8 46. Ng5 Qf6 47. Qxf4 Bc6 48. h4 Kg7 1-0

[Event "Regionalliga SW 1112"]
[Site "Bayern"]
[Date "2011.12.11"]
[Round "4.8"]
[White "Gebhard, Hans"]
[Black "Bumes, Konrad"]
[Result "1-0"]
[WhiteElo "1787"]
[BlackElo "1890"]
[PlyCount "75"]
[EventDate "2011.10.02"]
[EventType "team-tourn"]
[EventRounds "9"]
[EventCountry "GER"]
[SourceTitle "EXT 2013"]
[Source "ChessBase"]
[SourceDate "2012.11.22"]
[SourceVersion "1"]
[SourceVersionDate "2012.11.22"]
[SourceQuality "1"]
[WhiteTeam "Kaufbeuren"]
[BlackTeam "Haar"]
[WhiteTeamCountry "GER"]
[BlackTeamCountry "GER"]

1. Nf3 Nf6 2. g3 c5 3. c3 Nc6 4. d4 e6 5. Bg2 d5 6. e3 Be7 7. 0-0 0-0 8. Nbd2 Bd7 9. Re1 b5 10. a3 a5 11. h3 a4 12. Ne5 Qc7 13. Nd3 Na5 14. dxc5 Bxc5 15. b4 axb3 16. Nxb3 Bb6 17. Nxa5 Bxa5 18. Bb2 Rac8 19. Rc1 Bc6 20. Nc5 Ba8 21. Nb3 Rfd8 22. Nxa5 Qxa5 23. Ra1 Bc6 24. Qb3 Rc7 25. Qb4 Qa7 26. Qh4 Bb7 27. Bf1 Bc6 28. c4 dxc4 29. Bxf6 gxf6 30. Qxf6 Rd5 31. a4 Rf5 32. Qd8+ Kg7 33. axb5 Qb6 34. bxc6 Qxc6 35. Qd4+ e5 36. Qg4+ Kf6 37. Rec1 c3 38. Ra6 1-0

[Event "GER-chT Betriebe"]
[Site "Berlin"]
[Date "2006.10.08"]
[Round "7.1"]
[White "Bumes, Konrad"]
[Black "Sondermann, Johannes"]
[Result "0-1"]
[WhiteElo "1653"]
[BlackElo "2163"]
[PlyCount "82"]
[EventDate "2006.10.05"]
[EventType "team-tourn"]
[EventRounds "7"]
[EventCountry "GER"]
[SourceTitle "EXT 2020"]
[Source "ChessBase"]
[SourceDate "2019.10.17"]
[SourceVersion "1"]
[SourceVersionDate "2019.10.17"]
[SourceQuality "1"]
[WhiteTeam "Muenchen Europ Patentamt II"]
[BlackTeam "SG TaxiTeam/Wiheil"]
[WhiteTeamCountry "GER"]
[BlackTeamCountry "GER"]

1. d4 Nf6 2. c4 c5 3. d5 b5 4. cxb5 a6 5. b6 Qxb6 6. Nc3 d6 7. e4 g6 8. Nf3 Bg4 9. Be2 Bxf3 10. Bxf3 Nbd7 11. 0-0 Bg7 12. Qc2 0-0 13. Rb1 e6 14. dxe6 fxe6 15. e5 Nxe5 16. Bxa8 Rxa8 17. Bf4 Nc6 18. Ne4 Nd4 19. Nxf6+ Bxf6 20. Qd2 e5 21. Bg5 Bg7 22. b4 c4 23. Be3 Qb5 24. Kh1 Rc8 25. Rbc1 Rb8 26. Rb1 a5 27. a3 d5 28. Rfd1 Kh8 29. f4 Nf5 30. fxe5 Bxe5 31. Bf4 d4 32. Bxe5+ Qxe5 33. bxa5 Rxb1 34. Rxb1 c3 35. Qd3 Qxa5 36. Rb5 c2 37. Rb8+ Kg7 38. Rb7+ Kf6 39. Qf1 Qd2 40. Rb6+ Kg5 41. h4+ Kh6 0-1

[Event "GER-chT Betriebe"]
[Site "Berlin"]
[Date "2006.10.05"]
[Round "2.1"]
[White "Poepl, Peter"]
[Black "Bumes, Konrad"]
[Result "1-0"]
[WhiteElo "2092"]
[BlackElo "1653"]
[PlyCount "65"]
[EventDate "2006.10.05"]
[EventType "team-tourn"]
[EventRounds "7"]
[EventCountry "GER"]
[SourceTitle "EXT 2007"]
[Source "ChessBase"]
[SourceDate "2006.11.23"]
[SourceVersion "1"]
[SourceVersionDate "2006.11.23"]
[SourceQuality "1"]
[WhiteTeam "Duesseldorf Provinzial"]
[BlackTeam "Muenchen Europ Patentamt II"]
[WhiteTeamCountry "GER"]
[BlackTeamCountry "GER"]

1. e4 c5 2. b3 d6 3. Bb2 Nf6 4. Nc3 e6 5. Nf3 Nc6 6. Bb5 Bd7 7. d4 cxd4 8. Nxd4 a6 9. Be2 Be7 10. 0-0 0-0 11. Kh1 b5 12. a3 Qb6 13. Nxc6 Bxc6 14. Bd3 Qb7 15. Qe2 Rfe8 16. Rae1 Nd7 17. f4 Bf6 18. e5 dxe5 19. Ne4 Be7 20. fxe5 Nc5 21. Nf6+ Bxf6 22. exf6 Nxd3 23. cxd3 Qd7 24. Qg4 g6 25. Re3 Qd5 26. Rg3 Qd6 27. Qh4 Qf8 28. Bc3 a5 29. b4 a4 30. Bd4 Kh8 31. Rxg6 fxg6 32. f7+ e5 33. fxe8Q 1-0